000 00441nam a2200193Ia 4500
008 210210b1958 xxu||||| |||| 00| 0 eng d
041 _aeng
082 _a230/190
100 _aSUENENS (Leon Joseph)
245 _aGospel to every creature
260 _aLondon
_bBurns & oates,
_c1958
300 _aix,163
650 _ato
650 _aGospel
650 _aevery
650 _acreature
690 _aChristianity
906 _a001426
999 _c116543
_d116543